000 04043nam a2200325 a 4500
001 000045656
003 DO-SdBNP
005 20250218102534.0
007 ta
008 150422s2006 dr 000 0 spa d
020 _a999346256X
040 _aDO-SdBNP
_bspa
_cBNPHU
041 _hspa
082 4 _a861.44
_bM878a
_222
100 1 _aMorrison, Mateo,
_d1947-
_91469
245 1 0 _aAntología poética Dominicana :
_bde carabelas, descubrimiento y encuentro de culturas ; Cristóbal Colón 500 años /
_cMateo Morrison ; presentación Roberto Reyna.
260 _aSanto Domingo :
_bEditora Universitaria-UASD,
_c2006.
300 _a252 p. ;
_c23 cm.
490 1 _aPublicaciones de la Universidad Autónoma de Santo Domingo
_v1294
490 1 _aLiteratura y sociedad
_v63
500 _aA propósito del 500 aniversario de la muerte de Cristóbal Colón.
500 _aIncluye referencias bibliográficas y notas al pie de las páginas.
500 _aIncluye datos biográficos del autor en la solapa de la contracubierta
505 0 _aColón en la poesía dominicana --
_tMotivaciones de una investigación --
_tAutores incluidos en la Antología Poética Dominicana --
_rJuan Antonio Alix /
_tTributo del cantor popular del Yaque al gran Cristóbal Colón --
_rJuan Freddy Armando --
_tColón sólo puso el dedo /
_rJoaquín Balaguer --
_tLa isla inocente
_tDescubrimiento
_tEl viaje a España
_rMáximo Avilés Blonda --
_tEl Almirante /
_tCentro del mundo (Fragmentos) /
_tDe cantos a Helena, a Aída Cartagena /
_tManuel del Cabral --
_tUna visita a la ONU /
_tEl domicilio de Colón, violado /
_rTomás Castro --
_tMendigo frente al Faro a Colón /
_tDesembarco de ilustres olvidados /
_tAmérica jazz /
_tCargo la muerte en los costados /
_tQuinientos años después /
_t¿Quién la cruza? /
_rRodolfo Coiscou Weber --
_tIsla callada /
_rMiguel Collado --
_t500 años después /
_rJulio Cuevas --
_tEstamos aquí /
_rCecilio Díaz Carela --
_tAnacaona flor de oro /
_rJoe Dubeau --
_tCon motivo del hallazgo de los restos de Cristóbal Colón /
_rEnrique Eusebio --
_tBrevísima relación del descubrimiento de las ideas /
_tConquistadores /
_rAbel Fernández Mejía --
_tDescubrimiento sin carabelas /
_rFélix García --
_tColón /
_tRaíces del tiempo /
_rCarlos Gómez Dorly --
_tAnacaona Onírica /
_rJuan Arístides González Núñez --
_tCanoabo /
_rFranklin Gutiérrez --
_tInriri /
_rFederico Henríquez y Carvajal --
_tA Colón /
_rFederico Jóvine Bermúdez --
_tPalabras de adviento /
_tCrónicas acerca del muy antiguo y leal cabildo de la ciudad de Santo Domingo /
_rLeón David --
_tLos Galeones /
_rMateo Morrison --
_tAniversario del dolor /
_tColón /
_rFélix María del monte --
_tA mi patria anexada a España /
_rFrancisco Muñoz del Monte --
_tA la muerte de mi amigo y condiscípulo José María Heredia /
_rLorgio Núñez --
_tDesarraigo /
_rAliro Paulino (Hijo) --
_tCanto No.1 a Cristóbal Colón /
505 0 _aCésar Nicolás Penson --
_tLa patria de los porvenir /
_rManuel de Jesús Peña y Reynoso --
_tRasgos épicos /
_rAbil Peralta A. --
_tTres cantos epistolares para recordar a Anacaona /
_tTu geografía me duele /
_rReyson A. Peralta --
_tCanto a los Heridos de América /
_tAmor de América /
_tDespertando el interminable sueño
_rJosefa Antonia Perdomo --
_tTriunfo de la Patria /
_tA mi patria /
_rJosé Joaquín Pérez --
_tEl junco verde /
_tEcos del destierro /
_rFrank Pérez Palacio --
_t500 años /
_rJorge Piña --
_tMetapoesia del caribe /
_rTony Raful --
_tVasallo de tus aguas dormidas --
_rManuel Rueda --
_tA la luz de las Crónicas /
_rJosé E. Rutinel --
_tLos enemigos /
_rViriato Sención --
_tRaza /
_rClaudio Soriano Canto --
_tCanto repetido y repetido de sangre, silencio y muerte (fragmentos) /
_rSalomé Ureña de Henríquez --
_tColón /
_tCon motivo del hallazgo de los restos de Cristóbal Colón --
_rMarcio Veloz Maggiolo --
_tEl nombre España
700 1 _aReyna, Roberto,
_epresentación
_972953
830 0 _aPublicaciones de la Universidad Autónoma de Santo Domingo.
_n1294
_973718
830 0 _aLiteratura y Sociedad
_n63
_973719
942 _2ddc
_cLBS1
999 _c45145
_d45145